| 000 | 00459nam a2200157Ia 4500 | ||
|---|---|---|---|
| 003 | OSt | ||
| 005 | 20200623111459.0 | ||
| 008 | 190216s9999||||xx |||||||||||||| ||und|| | ||
| 040 | _coclc | ||
| 082 |
_a954.008 _bKAR/W |
||
| 100 |
_aKareem, C K _92074 |
||
| 245 | 0 |
_aWhat Happened In Indian History / _cC K Kareem |
|
| 260 |
_bPaico Pub.House, _c1971. _aEranamkulam: |
||
| 300 | _a214p | ||
| 942 |
_cBK _2ddc _h954.008 _iKAR/W _k954.008 _mKAR/W |
||
| 999 |
_c19130 _d19130 |
||